000 01554nam a2200289Ia 4500
001 367518
003 EC-QuCCB
005 20251211111107.0
007 ta
008 130917s1999 ec gr 001 0 spa d
040 _aEC-QuCCB
041 0 _aspa
082 0 _a516
_bA3451
100 1 _aAlbuja, Ginna,
_930078
245 1 0 _aGeometría básica 1
_cGinna Albuja, Margarita Santacruz, Patricio Vallejo
250 _aTercera edición
260 _a[Lugar de publicación no identificado] :
_bGráficas Cobos,
_c1999
300 _a200 páginas :
_bgráficas ;
_c21 cm
336 _atexto
_btxt
337 _ano mediado
_bn
338 _avolumen
_bnc
505 1 _aCapítulo I: Términos definidos-- Sistema de coordenadas lineal -- Axiomas principales -- Postulados principales -- Teoremas -- Clases de teoremas -- Razones y proposiciones -- Segmentos -- Capítulo II: Ángulo conexo -- Ángulo cóncavo -- Clasificación de los ángulos -- Proposiciones de perpendicularidad -- Teoremas -- Capítulo III: Triángulos. Definiciones -- Clasificación de los triángulos -- Puntos y líneas fundamentales del triángulo -- Capítulo IV: Teoremas referentes a ángulos entre líneas fundamentales de un triángulo -- Semejanza de triángulos -- Capítulo V: Propiedades relativas a puntos y líneas fundamentales de un triángulo -- Relaciones métricas en triángulos -- Conceptos trigonométricos básicos ...
650 _aGeometría
_913003
700 1 _aSantacruz, Margarita,
_930079
700 2 _aVallejo Ayala, Patricio,
_98416
942 _2ddc
_cBK
999 _c1305
_d1305